000 00508nmm a2200169Ia 4500
008 251105s9999||||xx |||||||||||||||||und||
020 _a9788415759188
041 _aspa
100 _aAranberri Mendizabal, Luis
245 0 _aEl método del caso EGA Master
264 _a[Madrid, España] :
_bUniversidad de Deusto,
_c2013
300 _a126 páginas
490 _aAmarillo - Serie Economía
650 _aEconomics and Business
856 _uhttps://public.digitaliapublishing.com/a/24220
942 _cCF
999 _c77030
_d77030